| 000 | 00437nam a2200157Ia 4500 | ||
|---|---|---|---|
| 999 |
_c19144 _d19144 |
||
| 003 | OSt | ||
| 005 | 20200625151012.0 | ||
| 008 | 190216s9999||||xx |||||||||||||| ||und|| | ||
| 040 | _coclc | ||
| 082 |
_a954 _bKAR/M |
||
| 100 |
_aKareem, C K _92074 |
||
| 245 | 0 |
_aMohamed Tuglak Oru Padanam / _cC K Kareem |
|
| 260 |
_bCurrent Books, _c1968. _aKottayam: |
||
| 300 | _a140p | ||
| 942 |
_cBK _2ddc _h954 _iKAR/M _k954 _mKAR/M |
||